Handbook of engineering mechanics. (Record no. 61004)
[ view plain ]
| 000 -LEADER | |
|---|---|
| fixed length control field | 00954nam a22002891 4500 |
| 001 - CONTROL NUMBER | |
| control field | 750237 |
| 003 - CONTROL NUMBER IDENTIFIER | |
| control field | NUST-PNEC |
| 005 - DATE AND TIME OF LATEST TRANSACTION | |
| control field | 20170116180712.0 |
| 008 - FIXED-LENGTH DATA ELEMENTS--GENERAL INFORMATION | |
| fixed length control field | 831004s1962 nyua b 000 0 eng |
| 010 ## - LIBRARY OF CONGRESS CONTROL NUMBER | |
| LC control number | 61013165 |
| 020 ## - INTERNATIONAL STANDARD BOOK NUMBER | |
| International Standard Book Number | 0070213925 |
| 040 ## - CATALOGING SOURCE | |
| Transcribing agency | PNEC |
| 050 00 - LIBRARY OF CONGRESS CALL NUMBER | |
| Classification number | TA350 |
| Item number | .F58 |
| 082 00 - DEWEY DECIMAL CLASSIFICATION NUMBER | |
| Classification number | 620.102 FLU |
| 100 1# - MAIN ENTRY--PERSONAL NAME | |
| Personal name | Flugge, Wilhelm, |
| Dates associated with a name | 1904- |
| Relator term | ed. |
| 9 (RLIN) | 576 |
| 245 10 - TITLE STATEMENT | |
| Title | Handbook of engineering mechanics. |
| 250 ## - EDITION STATEMENT | |
| Edition statement | 1st ed. |
| 260 ## - PUBLICATION, DISTRIBUTION, ETC. | |
| Place of publication, distribution, etc. | New York, |
| Name of publisher, distributor, etc. | McGraw-Hill, |
| Date of publication, distribution, etc. | 1962. |
| 300 ## - PHYSICAL DESCRIPTION | |
| Extent | 1 v. (various pagings) |
| Other physical details | illus. |
| Dimensions | 24 cm. |
| 490 0# - SERIES STATEMENT | |
| Series statement | McGraw-Hill handbooks |
| 500 ## - GENERAL NOTE | |
| General note | Includes Index http://www.amazon.com/Handbook-Engineering-Mechanics-Wilhelm-Flugge/dp/0070213925/ref=sr_1_1?s=books&ie=UTF8&qid=1413272702&sr=1-1&keywords=ENGINEERING+MECHANICS+BY+FLUGGE |
| 504 ## - BIBLIOGRAPHY, ETC. NOTE | |
| Bibliography, etc. note | Includes bibliographies. |
| 650 #0 - SUBJECT ADDED ENTRY--TOPICAL TERM | |
| Topical term or geographic name entry element | Mechanics, Applied. |
| 651 ## - SUBJECT ADDED ENTRY--GEOGRAPHIC NAME | |
| General subdivision | ME |
| 906 ## - LOCAL DATA ELEMENT F, LDF (RLIN) | |
| a | 7 |
| b | cbc |
| c | orignew |
| d | u |
| e | ocip |
| f | 19 |
| g | y-gencatlg |
| 942 ## - ADDED ENTRY ELEMENTS (KOHA) | |
| Source of classification or shelving scheme | |
| Koha item type | Book |
| Withdrawn status | Lost status | Source of classification or shelving scheme | Damaged status | Not for loan | Permanent Location | Current Location | Shelving location | Date acquired | Total Checkouts | Full call number | Barcode | Date last seen | Price effective from | Koha item type | Source of acquisition | Cost, normal purchase price | Cost, replacement price |
|---|---|---|---|---|---|---|---|---|---|---|---|---|---|---|---|---|---|
| Pakistan Navy Engineering College (PNEC) | Pakistan Navy Engineering College (PNEC) | Reference | 620.102 FLU | PNECLIB-008140 | 10/14/2014 | Book | |||||||||||
| Pakistan Navy Engineering College (PNEC) | Pakistan Navy Engineering College (PNEC) | Reference | 07/22/1985 | 620.102 FLU | PNECLIB-006605 | 10/16/2014 | 07/22/1985 | Book | Sasi Book Store | 1406.83 | 1406.83 | ||||||
| Pakistan Navy Engineering College (PNEC) | Pakistan Navy Engineering College (PNEC) | Reference | 620.102 FLU | PNECLIB-011957 | 10/27/2014 | Book | Royal Book Company | 2597.00 | 2597.00 |
